| 000 | 00450nam a2200181Ia 4500 | ||
|---|---|---|---|
| 005 | 20240402041815.0 | ||
| 008 | 240331s9999 xx 000 0 und d | ||
| 020 | _a9559098454 | ||
| 082 |
_bGLO _a330 |
||
| 100 | _aHettige, S.T. | ||
| 245 | 0 | _aGlobalization, social change and youth | |
| 260 |
_aColombo : _bGerman Cultural Institute / _c1998. |
||
| 300 | _a148 p., | ||
| 650 | _aSex | ||
| 650 | _aCultural | ||
| 650 | _aNationalism | ||
| 942 | _cL | ||
| 999 |
_c2578 _d2578 |
||